000 00613nam a2200181 i 4500
001 104028
003 ES-MaACL
005 20230906183509.0
007 t|
008 051122m19101911fr ||||1| fre d
245 0 6 _aDe la mêthode dans les sciences.
260 _aParis :
_bFélix Alcan,
_c1910-1911.
300 _a2 v. ;
_c19 cm.
505 8 _aContiene: V. I.-- Premiére série.- Par MM. les professeurs : H. Bouasse... [et al.]-- V.II.-- Deuxiéme série.- Par MM. B. Baillaud... [et al.]
700 1 _aBouasse, H.
_930820
700 1 _aBaillaud, Edouard Benjamin.
_924700
852 _aES-MaACL
_jD-2374-5
999 _c104028
_d104028